| 000 | 01026cam a22003011 4500 | ||
|---|---|---|---|
| 001 | sa 68012800 | ||
| 003 | DLC | ||
| 005 | 20260227112615.0 | ||
| 008 | 790822s1965 ii bd 000 0 san | ||
| 010 | _asa 68012800 | ||
| 025 | _aPL480: I-San-718 | ||
| 035 | _a(OCoLC)5296499 | ||
| 040 |
_aDLC _cNIC _dOCoLC _dDLC |
||
| 042 | _apremarc | ||
| 050 | 0 | 0 |
_aPK915 _b.S2 1965 |
| 100 | 0 |
_aSahajakīrti., _dactive 1605-1648. |
|
| 245 | 1 | 0 |
_aSiddhaśabdārṇava. _cEdited by Murlidhar Gajanan Panse. |
| 250 | _a[1st ed.] | ||
| 260 |
_aPoona _b[Deccan College Postgraduate and Research Institute] _c1965. |
||
| 300 |
_aii, 36, 228 p. _c22 cm. |
||
| 490 | 0 |
_aDeccan College building centenary and silver jubilee series, _v54 |
|
| 500 | _a"Code no. BC 139." | ||
| 500 | _aIn Sanskrit: introductory matter in English. | ||
| 504 | _aBibliographical footnotes. | ||
| 650 | 0 |
_aSanskrit language _xSynonyms and antonyms. |
|
| 650 | 0 |
_aSanskrit language _xDictionaries _xEnglish. |
|
| 700 | 1 |
_aPanse, Murlidhar Gajanan, _d1918- _eed. |
|
| 999 |
_c84766 _d84766 |
||